000 00290nam a22001337a 4500
008 170421b xxu||||| |||| 00| 0 eng d
020 _a9780393136890
041 _aeng
080 _26TH
_a573
100 _a11
101 _aSHM
245 _aHOW HUMANS EVOLVED
_cBOYD, R
942 _2udc
_cBK
999 _c11490
_d11490